History Quiz

Random History or Country Quiz

Oldest Countries on Earth Quiz Stats

 Plays Quiz not verified by Sporcle

Challenge
Share
Tweet
Embed
Score 0/10 Timer 03:00
0 Plays Today
Approx Year Founded Country % Correct
1800 BCChina
93.8%
3500 BCEgypt
88.3%
700 ADJapan
82.8%
3000 BCIndia
80.3%
550 BCIran
77.4%
500 ADFrance
69.7%
900 ADTurkey
64.2%
2700 BCEthiopia
43.4%
300 ADSan Marino
38%
600 ADBulgaria
16.1%

You're not logged in!

Compare scores with friends on all Sporcle quizzes.
Join for Free
OR
Log In

You Might Also Like...

Show Comments

Extras

Top Quizzes Today


Score Distribution

Your Account Isn't Verified!

In order to create a playlist on Sporcle, you need to verify the email address you used during registration. Go to your Sporcle Settings to finish the process.

Report this User

Report this user for behavior that violates our Community Guidelines.

Details: